LDR 00740naa#a2200169#i#450# 001 RU\\bibl\13623 005 20260418133809.6 011 ## _a1992-5980 100 ## _a20161014b2016####ek#y0rusy0150####ca 101 0# _aRUS 102 ## _aRU 200 1# _aМоделирование процесса стабилизации частоты генераторов в инфокоммуникационных системах _eЖурнальная статья 210 1# _aРостов-на-Дону _cДонской государственный технический университет _d2016 215 ## _a4 с. 608 ## _aЖурнальная статья _2local 700 #1 _aСафарьян _gОльга Александровна 856 4# _anaukaru.ru _u